Least Populous Countries in 1900 - Statistics

General Stats
  • This quiz has been taken 14 times
  • The average score is 7 of 10
Answer Stats
Population Country % Correct
10,000 Liechtenstein
100%
11,000 San Marino
100%
19,000 Monaco
92%
6,000 Andorra
85%
252,000 Luxembourg
85%
429,300 Nicaragua
54%
280,000 Bhutan
46%
341,600 Costa Rica
46%
320,000 Montenegro
38%
400,000 Orange Free State
23%
No matching quizzes found
Score Distribution
Percent of People with Each Score
Percentile by Number Answered
Your Score History
You have not taken this quiz